000 00709nam a2200229 a 4500
008
020 _a0618310606 (pbk.)
049 _aMAIN
090 _aHF1416
_bJEA
100 1 _aJeannet, Jean-Pierre.
245 1 0 _aCases in global marketing strategies /
_cJean-Pierre Jeannet, Hubert D. Hennessey
250 _a6th ed.
260 _aBoston :
_bHoughton Mifflin,
_cc2004.
300 _a1 v. (various pagings) :
_bill. ;
_c24 cm.
650 0 _aExporting marketing
_xManagement
_xCase Studies.
700 _aHennessey, Hubert D.
907 _a.b10281526
_b15-10-10
_c27-08-10
003
005 20230123125039.0
040 _cNUST
942 _cBOOKS
_kHF1416
_mJEA
999 _c134767
_d134767